[Event "DEM U10/U10w 2014"]
[Site "Magdeburg GER"]
[Date "2014.06.08"]
[Round "1"]
[White "Kalina, Lena"]
[Black "Muths, Lukas"]
[Result "0-1"]
[Termination "normal"]
[Board "48"]
[WhiteElo "781"]
[BlackElo "1248"]
[PlyCount "98"]
[WhiteFideId "12988014"]
[BlackFideId "12953156"]
[EventCountry "GER"]
[EventRounds "11"]
[EventType "swiss"]
[EventDate "2014.06.07"]

1. e4 c5 2. Nf3 d6 3. Bc4 Nf6 4. Nc3 Nc6 5. O-O g6 6. d3 Bg7 7. Ng5 e6 8. Be3
O-O 9. Qe2 Qe7 10. Nb5 a6 11. Nc3 b5 12. Bb3 Bb7 13. a4 b4 14. Nd1 d5 15. c3 h6
16. Nf3 dxe4 17. dxe4 Nxe4 18. Rc1 bxc3 19. bxc3 Na5 20. Bc2 Nxc3 21. Nxc3 Bxc3
22. Bxh6 Rfc8 23. Bg5 Bf6 24. Bd2 Nc6 25. Be4 Nb4 26. Bxb4 cxb4 27. Rb1 Rc3 28.
Bxb7 Qxb7 29. Rfc1 Rac8 30. Nd2 Rxc1+ 31. Rxc1 Rxc1+ 32. Nf1 Qc6 33. Qa2 Qc4
34. Qxc4 Rxc4 35. g3 b3 36. Nd2 Rc1+ 37. Kg2 b2 38. h4 Bc3 39. Nb3 b1=Q 40.
Nxc1 Qxc1 41. Kh3 Qh1+ 42. Kg4 f5+ 43. Kg5 Bd2+ 44. Kf6 Qd5 45. Kxg6 Qd7 46.
Kf6 Bc3+ 47. Kg5 Be5 48. h5 Qe7+ 49. Kg6 Qf6# 0-1

[Event "DEM U10/U10w 2014"]
[Site "Magdeburg GER"]
[Date "2014.06.08"]
[Round "2"]
[White "Pauls, Fynn"]
[Black "Keymer, Vincent"]
[Result "0-1"]
[Termination "normal"]
[Board "1"]
[WhiteElo "1382"]
[BlackElo "2036"]
[WhiteClock "00:18:35"]
[BlackClock "00:46:00"]
[PlyCount "66"]
[WhiteFideId "16213149"]
[BlackFideId "12940690"]
[EventCountry "GER"]
[EventRounds "11"]
[EventType "swiss"]
[EventDate "2014.06.07"]

1. d4 d5 2. c4 e6 3. Nc3 Be7 4. Nf3 Nf6 5. Bf4 O-O 6. e3 Nbd7 7. Bd3 b6 8. O-O
Bb7 9. cxd5 exd5 10. Re1 c5 11. Rc1 Ne4 12. Qc2 Ndf6 13. h3 Rc8 14. Nd2 cxd4
15. exd4 Bd6 16. Bxd6 Qxd6 17. Qd1 Qf4 18. Nf3 Nxc3 19. Rxc3 Rxc3 20. bxc3 Ne4
21. Qc1 Qc7 22. Bxe4 dxe4 23. Nd2 f5 24. Qb2 Kh8 25. Rc1 Qc6 26. Nf1 f4 27. Qc2
Bc8 28. Rd1 Qg6 29. Kh2 f3 30. g3 Bxh3 31. Nd2 Qh5 32. Qxe4 Bg4+ 33. Kg1 Qh3
0-1

[Event "DEM U10/U10w 2014"]
[Site "Magdeburg GER"]
[Date "2014.06.08"]
[Round "2"]
[White "Svane, Frederik"]
[Black "Yi, Danny"]
[Result "1-0"]
[Termination "normal"]
[Board "2"]
[WhiteElo "1801"]
[BlackElo "1369"]
[WhiteClock "00:34:04"]
[BlackClock "00:44:21"]
[PlyCount "61"]
[WhiteFideId "12923044"]
[BlackFideId "12988588"]
[EventCountry "GER"]
[EventRounds "11"]
[EventType "swiss"]
[EventDate "2014.06.07"]

1. e4 e5 2. Nf3 Nc6 3. Bb5 a6 4. Bxc6 dxc6 5. O-O Bd6 6. d4 exd4 7. Qxd4 f6 8.
Re1 Ne7 9. c4 c5 10. Qd2 O-O 11. b3 Bg4 12. Qe3 Qe8 13. Bb2 Nc6 14. Nbd2 Qg6
15. h3 Bxh3 16. Nh4 Qg5 17. e5 Be7 18. exf6 Bxf6 19. Bxf6 Qxf6 20. Ndf3 Bg4 21.
Qxc5 Bxf3 22. Nxf3 Rae8 23. Rxe8 Qxa1+ 24. Re1 Qxa2 25. Qd5+ Kh8 26. Qf7 Rg8
27. Re8 Ne7 28. Qxe7 Qb1+ 29. Kh2 Qxb3 30. Rxg8+ Kxg8 31. Qe8# 1-0

[Event "DEM U10/U10w 2014"]
[Site "Magdeburg GER"]
[Date "2014.06.08"]
[Round "2"]
[White "Englert, Jon"]
[Black "Weishäutel, Moritz"]
[Result "1/2-1/2"]
[Termination "normal"]
[Board "3"]
[WhiteElo "1375"]
[BlackElo "1801"]
[WhiteClock "01:05:27"]
[BlackClock "00:13:47"]
[PlyCount "60"]
[WhiteFideId "12992275"]
[BlackFideId "12967300"]
[EventCountry "GER"]
[EventRounds "11"]
[EventType "swiss"]
[EventDate "2014.06.07"]

1. e4 c5 2. Nf3 Nf6 3. Nc3 d5 4. exd5 Nxd5 5. Bb5+ Bd7 6. Bxd7+ Qxd7 7. Nxd5
Qxd5 8. d4 e6 9. O-O cxd4 10. Qxd4 Qxd4 11. Nxd4 Bc5 12. Nb3 Bb6 13. Bf4 O-O
14. Rad1 Nc6 15. c3 Rfd8 16. h3 Na5 17. Nxa5 Bxa5 18. Be3 a6 19. f3 h6 20. Kf2
e5 21. Ke2 f5 22. Rxd8+ Rxd8 23. Rd1 Rxd1 24. Kxd1 f4 25. Bc5 Kf7 26. b4 Bd8
27. Kd2 Ke6 28. Kd3 b5 29. Ke4 h5 30. Bf2 h4 1/2-1/2

[Event "DEM U10/U10w 2014"]
[Site "Magdeburg GER"]
[Date "2014.06.08"]
[Round "2"]
[White "Dobrikov, Marco"]
[Black "Buchloh, Adrian"]
[Result "1-0"]
[Termination "normal"]
[Board "4"]
[WhiteElo "1695"]
[BlackElo "1463"]
[WhiteClock "01:05:25"]
[BlackClock "00:18:14"]
[PlyCount "109"]
[WhiteFideId "12950378"]
[BlackFideId "12960675"]
[EventCountry "GER"]
[EventRounds "11"]
[EventType "swiss"]
[EventDate "2014.06.07"]

1. e4 d5 2. exd5 Qxd5 3. Nc3 Qa5 4. Bc4 Nf6 5. d3 Bg4 6. f3 Bh5 7. Nge2 e6 8.
O-O c6 9. Kh1 Nbd7 10. Bd2 Qc7 11. Nf4 Bg6 12. Re1 O-O-O 13. Bxe6 Bd6 14. Bxd7+
Rxd7 15. g3 Rdd8 16. Kg2 Bf5 17. Qe2 Qd7 18. Qf2 Kb8 19. Re2 g5 20. Ne4 Nxe4
21. dxe4 gxf4 22. exf5 Qxf5 23. g4 Qg5 24. Bc3 Rhg8 25. h4 Qg6 26. Bd4 a6 27.
Rae1 f5 28. Re6 Qh5 29. Rxd6 Rxd6 30. Be5 Qg6 31. Rd1 Rgd8 32. Qb6 Kc8 33. Bxf4
R6d7 34. Rxd7 Rxd7 35. Qa7 Kd8 36. Qb8+ Ke7 37. Qe5+ Kf7 38. Bg5 fxg4 39. fxg4
Qxc2+ 40. Kf3 Rd3+ 41. Be3 Qd1+ 42. Kf4 Qa4+ 43. Kf3 Qd1+ 44. Ke4 Rd7 45. Qf5+
Kg8 46. Qe6+ Kf8 47. Bh6+ Rg7 48. Qf6+ Ke8 49. Bxg7 Qxg4+ 50. Ke5 Qe2+ 51. Kd6
Qh2+ 52. Kc5 Qg1+ 53. Kd6 Qd1+ 54. Kc7 Qd7+ 55. Kb6 1-0

[Event "DEM U10/U10w 2014"]
[Site "Magdeburg GER"]
[Date "2014.06.08"]
[Round "2"]
[White "Marschall, Tillmann"]
[Black "Trifan, Andrei Ioan"]
[Result "0-1"]
[Termination "normal"]
[Board "5"]
[WhiteElo "1423"]
[BlackElo "1689"]
[PlyCount "80"]
[WhiteFideId "12973220"]
[BlackFideId "12967068"]
[EventCountry "GER"]
[EventRounds "11"]
[EventType "swiss"]
[EventDate "2014.06.07"]

1. e4 e5 2. Nf3 Nc6 3. d4 exd4 4. Nxd4 Bc5 5. Nb3 Bb6 6. Nc3 Nf6 7. Bg5 h6 8.
Bh4 g5 9. Bg3 Qe7 10. Qe2 d6 11. Nd5 Nxd5 12. exd5 Qxe2+ 13. Bxe2 Nb4 14. O-O-O
Bf5 15. Rhe1 O-O-O 16. Rd2 Nxa2+ 17. Kd1 Nb4 18. Bh5 Rd7 19. h3 Kd8 20. Bh2 Re8
21. Rxe8+ Kxe8 22. f3 Re7 23. f4 Be3 24. Re2 gxf4 25. c3 Nxd5 26. Nd4 Bxd4 27.
Rxe7+ Kxe7 28. cxd4 Ne3+ 29. Ke2 Nxg2 30. Kf3 Bxh3 31. Bxf4 Nxf4 32. Kxf4 Kf6
33. Bf3 b6 34. d5 Bf5 35. Bh5 Bg6 36. Bg4 h5 37. Bh3 a5 38. Bd7 Bc2 39. Bb5 Bb3
40. Bc6 h4 0-1

[Event "DEM U10/U10w 2014"]
[Site "Magdeburg GER"]
[Date "2014.06.08"]
[Round "2"]
[White "Bergauz, Igal"]
[Black "Sulayev, Daniel"]
[Result "0-1"]
[Termination "normal"]
[Board "6"]
[WhiteElo "1783"]
[BlackElo "1584"]
[WhiteClock "00:18:06"]
[BlackClock "00:19:44"]
[PlyCount "88"]
[WhiteFideId "12977284"]
[BlackFideId "12977675"]
[EventCountry "GER"]
[EventRounds "11"]
[EventType "swiss"]
[EventDate "2014.06.07"]

1. e4 d6 2. d4 Nf6 3. Nc3 g6 4. f4 Bg7 5. Nf3 O-O 6. Be2 Nbd7 7. O-O c5 8. h3
a6 9. a4 Rb8 10. Be3 Qa5 11. Nd2 cxd4 12. Nb3 Qc7 13. Nxd4 Nc5 14. Bf3 b6 15.
b4 Nb3 16. cxb3 Qxc3 17. Re1 Bb7 18. Rc1 Qxb4 19. Rc4 Qa3 20. Qb1 d5 21. Bc1
Qd6 22. e5 Qd7 23. Rc2 Ne4 24. Ba3 Rfd8 25. Rec1 Rbc8 26. Bg4 e6 27. Bb4 Bh6
28. Rf1 Rxc2 29. Qxc2 Rc8 30. Qd3 Bf8 31. Bxf8 Rc3 32. Qd1 Kxf8 33. f5 exf5 34.
Nxf5 gxf5 35. Bxf5 Qe7 36. e6 Ng3 37. Qd2 Qf6 38. e7+ Kxe7 39. Re1+ Kf8 40.
Bxh7 Kg7 41. Bd3 Ne4 42. Qe2 Qd4+ 43. Kh2 Qxd3 44. Qg4+ Kf8 0-1

[Event "DEM U10/U10w 2014"]
[Site "Magdeburg GER"]
[Date "2014.06.08"]
[Round "2"]
[White "Krastev, Alexander"]
[Black "Kamp, Adrian"]
[Result "0-1"]
[Termination "normal"]
[Board "8"]
[WhiteElo "1599"]
[BlackElo "1310"]
[PlyCount "80"]
[WhiteFideId "12989983"]
[BlackFideId "16222466"]
[EventCountry "GER"]
[EventRounds "11"]
[EventType "swiss"]
[EventDate "2014.06.07"]

1. e4 c5 2. Nc3 d6 3. f4 Nc6 4. Bb5 a6 5. Bxc6+ bxc6 6. Nf3 a5 7. O-O Ba6 8. d3
c4 9. d4 e6 10. Qe1 Rb8 11. Rb1 Be7 12. Bd2 Qc7 13. Qg3 g6 14. Nh4 d5 15. e5 c5
16. Be3 cxd4 17. Bxd4 Bc5 18. Qf2 Bxd4 19. Qxd4 Qb6 20. Nf3 Ne7 21. g4 Qxd4+
22. Nxd4 Rg8 23. Rf3 h5 24. h3 hxg4 25. hxg4 Rg7 26. a4 Kd7 27. Kf2 Nc6 28. Ke3
Nxd4 29. Kxd4 Rc8 30. Rh1 Rb8 31. Rb1 Rc8 32. Nd1 Rb8 33. b3 Rb4 34. Ke3 Rg8
35. Kd2 Rgb8 36. Kc1 d4 37. Nf2 Bb7 38. Rh3 Bd5 39. g5 Kc6 40. Rh7 R8b7 0-1

[Event "DEM U10/U10w 2014"]
[Site "Magdeburg GER"]
[Date "2014.06.08"]
[Round "2"]
[White "Pantsernaya, Sofya"]
[Black "Post, Hugo"]
[Result "0-1"]
[Termination "normal"]
[Board "9"]
[WhiteElo "1320"]
[BlackElo "1682"]
[PlyCount "54"]
[WhiteFideId "12993182"]
[BlackFideId "12962490"]
[EventCountry "GER"]
[EventRounds "11"]
[EventType "swiss"]
[EventDate "2014.06.07"]

1. e4 c5 2. Nf3 Nc6 3. Bb5 g6 4. Bxc6 dxc6 5. h3 Bg7 6. d3 Nf6 7. O-O c4 8. Re1
cxd3 9. cxd3 O-O 10. Nc3 Qc7 11. Be3 b6 12. Rc1 Ba6 13. b4 Nh5 14. e5 Bh8 15.
b5 cxb5 16. Nxb5 Qd7 17. Nbd4 Rfc8 18. Qb3 Bb7 19. e6 fxe6 20. Nxe6 Bd5 21.
Rxc8+ Rxc8 22. Qb4 Bxe6 23. Bd4 Bxd4 24. Nxd4 Bd5 25. Rxe7 Rc1+ 26. Kh2 Rh1+
27. Kxh1 Qxh3+ 0-1

[Event "DEM U10/U10w 2014"]
[Site "Magdeburg GER"]
[Date "2014.06.08"]
[Round "2"]
[White "Rößl, Adam"]
[Black "Wu, Leon"]
[Result "0-1"]
[Termination "normal"]
[Board "10"]
[WhiteElo "1310"]
[BlackElo "1568"]
[PlyCount "84"]
[WhiteFideId "16246047"]
[BlackFideId "12977438"]
[EventCountry "GER"]
[EventRounds "11"]
[EventType "swiss"]
[EventDate "2014.06.07"]

1. e4 e5 2. f4 d6 3. d4 exd4 4. Qxd4 Nc6 5. Bb5 Bd7 6. Bxc6 Bxc6 7. Nc3 Nf6 8.
Be3 Be7 9. Nf3 O-O 10. O-O-O b5 11. e5 Nd7 12. exd6 Bxd6 13. f5 a5 14. a4 b4
15. Nb5 Be7 16. Qd3 Qc8 17. Ng5 h6 18. f6 Nxf6 19. h4 Rd8 20. Qc4 Bd5 21. Qxc7
Qxc7 22. Nxc7 Rac8 23. Nxd5 Nxd5 24. Nf3 Nxe3 25. Rxd8+ Rxd8 26. Re1 Bc5 27. b3
Nxg2 28. Rd1 Rxd1+ 29. Kxd1 Kf8 30. Kd2 g6 31. Kd3 Be7 32. c4 Ke8 33. Kd4 Kd7
34. Ne5+ Ke6 35. Ng4 h5 36. Ne5 Bf6 37. Kc5 Kxe5 38. Kb5 Bd8 39. c5 f5 40. c6
f4 41. Ka6 f3 42. Kb7 Kd6 0-1

[Event "DEM U10/U10w 2014"]
[Site "Magdeburg GER"]
[Date "2014.06.08"]
[Round "2"]
[White "Hinrichs, Paul"]
[Black "Schade, Johannes"]
[Result "1-0"]
[Termination "normal"]
[Board "11"]
[WhiteElo "1532"]
[BlackElo "1304"]
[PlyCount "41"]
[WhiteFideId "12942545"]
[BlackFideId "12958581"]
[EventCountry "GER"]
[EventRounds "11"]
[EventType "swiss"]
[EventDate "2014.06.07"]

1. d4 d5 2. c4 e6 3. Nc3 Nf6 4. Bf4 Nbd7 5. e3 Be7 6. Nf3 O-O 7. Bd3 dxc4 8.
Bxc4 a6 9. a4 c5 10. dxc5 Nxc5 11. O-O Bd7 12. Qc2 Bc6 13. Ne5 Be4 14. Nxe4
Nfxe4 15. Rfd1 Qc8 16. b4 f6 17. Nf3 g5 18. bxc5 gxf4 19. Qxe4 fxe3 20. Bxe6+
Qxe6 21. Qxe6+ 1-0

[Event "DEM U10/U10w 2014"]
[Site "Magdeburg GER"]
[Date "2014.06.08"]
[Round "2"]
[White "Meinschien, Finn"]
[Black "Hommel, Niclas"]
[Result "0-1"]
[Termination "normal"]
[Board "12"]
[WhiteElo "1300"]
[BlackElo "1575"]
[PlyCount "118"]
[WhiteFideId "12989665"]
[BlackFideId "12974927"]
[EventCountry "GER"]
[EventRounds "11"]
[EventType "swiss"]
[EventDate "2014.06.07"]

1. e4 e5 2. Nf3 Nc6 3. d4 exd4 4. Nxd4 Bc5 5. Nb3 Bb6 6. Nc3 Nf6 7. Bg5 h6 8.
Bh4 g5 9. Bg3 Qe7 10. Qe2 d6 11. O-O-O Bd7 12. Nd5 Nxd5 13. exd5 Qxe2 14. Bxe2
Ne7 15. Rhe1 O-O-O 16. Bh5 Ng6 17. Bxg6 fxg6 18. Re7 Rde8 19. Rxe8+ Rxe8 20. f3
Re2 21. Rd2 Be3 22. Kd1 Rxd2+ 23. Nxd2 g4 24. Nc4 Bc5 25. fxg4 Bxg4+ 26. Kd2
Bf5 27. c3 Be4 28. Ne3 Bxe3+ 29. Kxe3 Bxd5 30. Kf2 Bxa2 31. h4 h5 32. Bf4 Kd7
33. g3 Ke6 34. Ke2 Kd5 35. Kd2 Bb1 36. Kc1 Bf5 37. Kd2 Kc4 38. Kd1 Kb3 39. Bc1
Bh3 40. Kd2 Bg4 41. Kd3 d5 42. Kd2 c5 43. Kd3 Bf5+ 44. Kd2 Be4 45. Kd1 Bf3+ 46.
Kd2 Bg4 47. Kd3 a6 48. Kd2 c4 49. Ke3 Kc2 50. Kd4 Kxc1 51. Kxd5 Be2 52. Ke6
Kxb2 53. Kd5 Kxc3 54. Kc5 Kb2 55. Kb4 c3 56. g4 c2 57. g5 c1=Q 58. Ka4 Qc4+ 59.
Ka5 Qb5# 0-1

[Event "DEM U10/U10w 2014"]
[Site "Magdeburg GER"]
[Date "2014.06.08"]
[Round "2"]
[White "Bui, Bao Anh Le"]
[Black "Mimkes, Pavel"]
[Result "1-0"]
[Termination "normal"]
[Board "13"]
[WhiteElo "1551"]
[BlackElo "1271"]
[PlyCount "113"]
[WhiteFideId "12970719"]
[BlackFideId "12990833"]
[EventCountry "GER"]
[EventRounds "11"]
[EventType "swiss"]
[EventDate "2014.06.07"]

1. e4 e5 2. Nf3 Nc6 3. Bc4 Nf6 4. d3 d5 5. exd5 Nxd5 6. c3 Bg4 7. Qb3 Na5 8.
Qa4+ Nc6 9. Bxd5 Qxd5 10. Qxg4 Qxd3 11. Nbd2 f5 12. Qc4 Qd6 13. O-O O-O-O 14.
b4 Be7 15. Nb3 h5 16. Be3 f4 17. Bc5 Qf6 18. Bxe7 Qxe7 19. Qc5 Qf6 20. b5 Nb8
21. Qxe5 Qxe5 22. Nxe5 Rhf8 23. Nd4 Rde8 24. Rfe1 Rd8 25. Ne6 Rf5 26. Nxd8 Kxd8
27. Rad1+ Kc8 28. Nd7 c6 29. Re8+ Kc7 30. Nxb8 Rxb5 31. Re7+ Kb6 32. h3 Rb2 33.
Nd7+ Kb5 34. Rd4 c5 35. Re5 b6 36. a4+ Kc6 37. Re6+ Kc7 38. Rdd6 Rb1+ 39. Kh2
Rb2 40. Nb8 Kxb8 41. Rd7 Kc8 42. Rxa7 Rd2 43. Re8+ Rd8 44. Ra8+ Kc7 45. Rexd8
Kc6 46. Rg8 Kd5 47. Rxg7 Kc4 48. a5 b5 49. Rc8 Kxc3 50. Rxc5+ Kb4 51. a6 Kxc5
52. a7 b4 53. a8=Q b3 54. Rd7 f3 55. Qxf3 h4 56. Qxb3 Kc6 57. Qb7+ 1-0

[Event "DEM U10/U10w 2014"]
[Site "Magdeburg GER"]
[Date "2014.06.08"]
[Round "2"]
[White "Schnabel, Luise"]
[Black "Kosev, Momchil"]
[Result "0-1"]
[Termination "normal"]
[Board "14"]
[WhiteElo "1369"]
[BlackElo "1483"]
[PlyCount "104"]
[WhiteFideId "12943347"]
[BlackFideId "12975982"]
[EventCountry "GER"]
[EventRounds "11"]
[EventType "swiss"]
[EventDate "2014.06.07"]

1. e4 c5 2. Nf3 d6 3. d4 cxd4 4. Nxd4 Nf6 5. Nc3 a6 6. Be2 e5 7. Nb3 Be7 8. Be3
O-O 9. O-O Qc7 10. f4 b5 11. fxe5 dxe5 12. Bf3 Bb7 13. Nd5 Nxd5 14. exd5 Bd6
15. Nd2 f5 16. Nb1 e4 17. Be2 Bxh2+ 18. Kh1 Be5 19. Bd4 Bxd5 20. Bb6 Qd7 21.
Nc3 Be6 22. Bc5 Qxd1 23. Rfxd1 Rc8 24. Bd4 Nc6 25. Bxe5 Nxe5 26. Rd6 Rc6 27.
Rad1 Rac8 28. a4 Bc4 29. Rxc6 Rxc6 30. axb5 axb5 31. Bxc4+ Nxc4 32. Rd5 Nxb2
33. Rxb5 Rxc3 34. Rxb2 Kf7 35. Kg1 Kg6 36. Kf2 Kg5 37. Ke2 h5 38. Kd2 Rg3 39.
c4 Rxg2+ 40. Kc3 Rxb2 41. Kxb2 Kf6 42. Kc3 Ke6 43. Kd4 Kd6 44. c5+ Kc6 45. Ke3
h4 46. Kf2 f4 47. Ke2 f3+ 48. Kf2 h3 49. Kg3 e3 50. Kxf3 e2 51. Kxe2 h2 52. Kf1
h1=Q+ 0-1

[Event "DEM U10/U10w 2014"]
[Site "Magdeburg GER"]
[Date "2014.06.08"]
[Round "2"]
[White "Muths, Lukas"]
[Black "Ziegenfuß, Antonia"]
[Result "0-1"]
[Termination "normal"]
[Board "16"]
[WhiteElo "1248"]
[BlackElo "1705"]
[PlyCount "104"]
[WhiteFideId "12953156"]
[BlackFideId "12962554"]
[EventCountry "GER"]
[EventRounds "11"]
[EventType "swiss"]
[EventDate "2014.06.07"]

1. d4 Nf6 2. c4 d6 3. Nc3 Nbd7 4. Nf3 e5 5. Bg5 Be7 6. dxe5 dxe5 7. e4 O-O 8.
Bd3 c6 9. O-O Qc7 10. Qd2 Rd8 11. Rad1 Nc5 12. Qc2 Be6 13. Rd2 Nxd3 14. Rxd3
Bxc4 15. Rxd8+ Rxd8 16. Rd1 Rxd1+ 17. Qxd1 Qb6 18. b3 Be6 19. Nxe5 Qc5 20. Bxf6
Bxf6 21. Nd7 Qxc3 22. e5 Bxd7 23. exf6 Qxf6 24. h3 Be6 25. Qd6 h6 26. Qb8+ Kh7
27. Qxb7 Bd5 28. Qxa7 Qg6 29. f3 Bxf3 30. Qf2 Bd5 31. Qe2 Qe4 32. Qf2 c5 33.
Qd2 Qd4+ 34. Qxd4 cxd4 35. Kf2 Kg6 36. g3 Kf5 37. Ke2 Ke4 38. Kd2 d3 39. g4 g5
40. b4 Bxa2 41. b5 Bd5 42. b6 Bb7 43. Kc1 Ke3 44. Kd1 d2 45. Kc2 Ke2 46. Kc3
d1=Q 47. Kc4 Qd5+ 48. Kc3 Qd3+ 49. Kb4 Qc2 50. h4 Kd3 51. h5 Qc4+ 52. Ka5 Ba6
0-1

[Event "DEM U10/U10w 2014"]
[Site "Magdeburg GER"]
[Date "2014.06.08"]
[Round "2"]
[White "Musiolik, David"]
[Black "Popist, Florian"]
[Result "1/2-1/2"]
[Termination "normal"]
[Board "17"]
[WhiteElo "1435"]
[BlackElo "1245"]
[PlyCount "89"]
[WhiteFideId "12972355"]
[BlackFideId "16203518"]
[EventCountry "GER"]
[EventRounds "11"]
[EventType "swiss"]
[EventDate "2014.06.07"]

1. d4 d5 2. e3 e6 3. c4 Nf6 4. Nc3 Be7 5. Bd2 O-O 6. Nf3 b6 7. cxd5 exd5 8. Bd3
c5 9. b3 Bb7 10. O-O Nbd7 11. Rc1 cxd4 12. Nxd4 Ne5 13. Be2 Bc5 14. Nf3 Qd6 15.
Nb5 Nxf3+ 16. Bxf3 Qd7 17. Qe2 Ba6 18. a4 Ne8 19. Qd1 Nc7 20. Nxc7 Qxc7 21.
Bxd5 Bxf1 22. Bxa8 Rxa8 23. Qxf1 Qd6 24. Bc3 Rd8 25. h3 Qe6 26. Qc4 Qxc4 27.
bxc4 h6 28. Kf1 Re8 29. Bd4 Rc8 30. Ke2 Kf8 31. Kd3 Rd8 32. Rc2 Ke7 33. Kc3 g6
34. Rd2 Bd6 35. Kb3 Ke6 36. f4 Bc5 37. Kc3 Kf5 38. Bxc5 Rxd2 39. Kxd2 bxc5 40.
g4+ Ke4 41. Ke2 f5 42. g5 h5 43. a5 a6 44. Kf2 h4 45. Ke2 1/2-1/2

[Event "DEM U10/U10w 2014"]
[Site "Magdeburg GER"]
[Date "2014.06.08"]
[Round "2"]
[White "Schönweiler, Elisabeth"]
[Black "Wu, Luka"]
[Result "0-1"]
[Termination "normal"]
[Board "18"]
[WhiteElo "1217"]
[BlackElo "1433"]
[PlyCount "106"]
[WhiteFideId "12997005"]
[BlackFideId "12977420"]
[EventCountry "GER"]
[EventRounds "11"]
[EventType "swiss"]
[EventDate "2014.06.07"]

1. e4 e5 2. Bc4 Nf6 3. d3 Bc5 4. f4 d6 5. f5 b6 6. Nf3 Ba6 7. Bxa6 Nxa6 8. c3
b5 9. Qe2 c6 10. Be3 Qb6 11. Bxc5 Nxc5 12. h3 a5 13. Nbd2 Ncd7 14. Qf2 Qxf2+
15. Kxf2 Nc5 16. Ke3 h6 17. d4 Ncd7 18. g4 O-O-O 19. Rhe1 Rhe8 20. Kf2 g6 21.
Re2 c5 22. dxe5 Nxe5 23. Nxe5 dxe5 24. Nb3 Rd3 25. Re3 c4 26. Rxd3 cxd3 27. Ke3
gxf5 28. gxf5 a4 29. Nc5 Rg8 30. Kf3 Nh5 31. Nxd3 Rg3+ 32. Ke2 Rg2+ 33. Ke3
Rg3+ 34. Ke2 Nf4+ 35. Nxf4 exf4 36. Rf1 Re3+ 37. Kd2 Rxe4 38. Re1 Rxe1 39. Kxe1
Kd7 40. Kf2 Kd6 41. Kf3 Ke5 42. b3 Kxf5 43. bxa4 bxa4 44. c4 Ke5 45. c5 Kd5 46.
c6 Kxc6 47. Kxf4 Kc5 48. Ke3 Kc4 49. Kd2 f5 50. Ke3 Kc3 51. Kf4 Kb2 52. Kxf5
Kxa2 53. Ke4 Kb2 0-1

[Event "DEM U10/U10w 2014"]
[Site "Magdeburg GER"]
[Date "2014.06.08"]
[Round "2"]
[White "Hundrieser, Malte"]
[Black "Mailitis, Ricardo"]
[Result "1-0"]
[Termination "normal"]
[Board "19"]
[WhiteElo "1429"]
[BlackElo "1205"]
[PlyCount "65"]
[WhiteFideId "12997153"]
[BlackFideId "12977535"]
[EventCountry "GER"]
[EventRounds "11"]
[EventType "swiss"]
[EventDate "2014.06.07"]

1. e4 e5 2. Nf3 Nc6 3. d4 exd4 4. Nxd4 Bc5 5. Be3 Qf6 6. c3 Nge7 7. Bc4 O-O 8.
O-O Bb6 9. b4 Ne5 10. Be2 d6 11. Nd2 Qg6 12. Kh1 Be6 13. h3 a5 14. f4 N5c6 15.
f5 Qg3 16. Rf3 Qe5 17. fxe6 Nxd4 18. exf7+ Rxf7 19. Nc4 Qxe4 20. Nxb6 Nxf3 21.
Nxa8 Qxe3 22. Bxf3 Qxc3 23. bxa5 Qxa5 24. Bxb7 Rf8 25. Qe2 Ng6 26. Qe4 Ne5 27.
Qd5+ Qxd5 28. Bxd5+ Kh8 29. Nxc7 Rc8 30. Ne6 Rc2 31. Rf1 h6 32. Rf8+ Kh7 33.
Be4+ 1-0

[Event "DEM U10/U10w 2014"]
[Site "Magdeburg GER"]
[Date "2014.06.08"]
[Round "2"]
[White "Krause, Marc"]
[Black "Evering, Sören"]
[Result "1-0"]
[Termination "normal"]
[Board "20"]
[WhiteElo "1083"]
[BlackElo "1424"]
[PlyCount "85"]
[WhiteFideId "12985724"]
[BlackFideId "12974650"]
[EventCountry "GER"]
[EventRounds "11"]
[EventType "swiss"]
[EventDate "2014.06.07"]

1. d4 Nf6 2. c4 g6 3. Nc3 d5 4. Nf3 Bg7 5. Bf4 O-O 6. cxd5 Nxd5 7. Nxd5 Qxd5 8.
Bxc7 Nc6 9. e3 Re8 10. Be2 Bf5 11. O-O Rac8 12. Bg3 e5 13. dxe5 Qxd1 14. Rfxd1
Nxe5 15. Nxe5 Bxe5 16. Bxe5 Rxe5 17. h3 Rc2 18. Bd3 Rxb2 19. Bc4 Rc5 20. Bb3
Be6 21. Rdb1 Rxb1+ 22. Rxb1 Bxb3 23. axb3 Rb5 24. Kf1 a5 25. Ke2 Rb4 26. Kd3 a4
27. Kc2 Rxb3 28. Rxb3 axb3+ 29. Kxb3 Kg7 30. Kc4 Kf6 31. f3 Kg5 32. g3 h5 33.
h4+ Kf5 34. Kd5 b5 35. Kc5 g5 36. hxg5 Kxg5 37. Kxb5 h4 38. gxh4+ Kxh4 39. Kc5
Kg3 40. f4 Kf3 41. Kd4 Kg4 42. Ke5 Kh5 43. Kf6 1-0

[Event "DEM U10/U10w 2014"]
[Site "Magdeburg GER"]
[Date "2014.06.08"]
[Round "2"]
[White "Grund, Sebastian"]
[Black "Zeuner, Ole"]
[Result "0-1"]
[Termination "normal"]
[Board "21"]
[WhiteElo "1424"]
[BlackElo "1154"]
[PlyCount "92"]
[WhiteFideId "12988626"]
[BlackFideId "12943576"]
[EventCountry "GER"]
[EventRounds "11"]
[EventType "swiss"]
[EventDate "2014.06.07"]

1. Nf3 c5 2. g3 g6 3. Bg2 Bg7 4. c4 Nc6 5. Nc3 Nf6 6. O-O O-O 7. e3 d5 8. cxd5
Nxd5 9. Nxd5 Qxd5 10. d4 Qd6 11. dxc5 Qxc5 12. Qb3 Be6 13. Qa4 Rfd8 14. Nd2
Bxb2 15. Ne4 Qe5 16. Bxb2 Qxb2 17. Nc5 Qb6 18. Nxb7 Rdc8 19. Rab1 Qc7 20. Rfc1
Bd7 21. Nc5 Be8 22. Na6 Qd6 23. Rd1 Qf6 24. Rbc1 Ne5 25. Qf4 Rxc1 26. Rxc1 Rd8
27. Qxf6 exf6 28. h3 Bb5 29. Nb4 a5 30. Nd5 Kg7 31. Rc5 Rb8 32. Nc3 Bc4 33.
Rxa5 Rb2 34. Ra4 Bd3 35. Rd4 Ba6 36. a4 Rb3 37. Ne4 Ra3 38. Nxf6 Bc4 39. Ne4
Rxa4 40. f4 Nd3 41. Bf1 Nb2 42. Nc5 Ra1 43. Rxc4 Nxc4 44. Kf2 Ra2+ 45. Kf3 Nd2+
46. Ke2 Ne4+ 0-1

[Event "DEM U10/U10w 2014"]
[Site "Magdeburg GER"]
[Date "2014.06.08"]
[Round "2"]
[White "Memtimin, Esma"]
[Black "Kirchner, Markus"]
[Result "0-1"]
[Termination "normal"]
[Board "23"]
[WhiteElo "1002"]
[BlackElo "1409"]
[PlyCount "42"]
[WhiteFideId "12993514"]
[BlackFideId "12979163"]
[EventCountry "GER"]
[EventRounds "11"]
[EventType "swiss"]
[EventDate "2014.06.07"]

1. d4 Nf6 2. c4 d6 3. Nc3 Nbd7 4. e4 e5 5. d5 Nc5 6. Bd3 a5 7. Be3 Bd7 8. Bxc5
dxc5 9. Nf3 Bd6 10. O-O O-O 11. h3 Re8 12. Qd2 h6 13. Rfe1 Nh5 14. g4 Nf4 15.
Kh2 Qf6 16. Ne2 Nxh3 17. Neg1 Nxg1 18. Nxg1 Bxg4 19. Re3 Qf4+ 20. Kh1 Re7 21.
Nh3 Bxh3 0-1

[Event "DEM U10/U10w 2014"]
[Site "Magdeburg GER"]
[Date "2014.06.08"]
[Round "2"]
[White "Astner, Sebastian"]
[Black "Heutling, Elina"]
[Result "1-0"]
[Termination "normal"]
[Board "24"]
[WhiteElo "1389"]
[BlackElo "962"]
[PlyCount "63"]
[WhiteFideId "12979422"]
[BlackFideId "16244729"]
[EventCountry "GER"]
[EventRounds "11"]
[EventType "swiss"]
[EventDate "2014.06.07"]

1. e4 e5 2. Bc4 Nf6 3. d4 exd4 4. Nf3 Nxe4 5. Qxd4 Nf6 6. Nc3 Nc6 7. Qh4 Bc5 8.
Bg5 h6 9. Nd5 d6 10. O-O Rg8 11. Bxf6 Qd7 12. Rfe1+ Kf8 13. Be7+ Nxe7 14. Rxe7
Qf5 15. Nxc7 g5 16. Qxh6+ Kxe7 17. Nd5+ Kd7 18. Nf6+ Kd8 19. Nxg8 Qxc2 20.
Qxg5+ Kc7 21. Nd2 Qxb2 22. Rb1 Qd4 23. Qe7+ Bd7 24. Nf6 Qxf2+ 25. Kh1 Rd8 26.
Bb5 d5 27. Qxf7 Qf5 28. Rf1 Qg5 29. Nb3 Be3 30. Nxd7 Rh8 31. Ndc5+ Kb6 32.
Qxb7# 1-0